[Event "DEM U12 2023"]
[Site "Willingen GER"]
[Date "2023.05.30"]
[Round "4"]
[White "Iachanou, Daniel"]
[Black "Radeke, Timothy"]
[Result "1/2-1/2"]
[Termination "normal"]
[Board "25"]
[WhiteElo "1532"]
[BlackElo "1485"]
[WhiteClock "00:39:32"]
[BlackClock "00:27:10"]
[PlyCount "106"]
[WhiteFideId "34639403"]
[BlackFideId "16289412"]
[EventCountry "GER"]
[EventRounds "9"]
[EventType "swiss"]
[EventDate "2023.05.27"]

1. e4 {[%clk 01:30:57]} {[%emt 00:00:02]} e5 {[%clk 01:30:57]} {[%emt
00:00:03]} 2. Nf3 {[%clk 01:31:23]} {[%emt 00:00:04]} Nc6 {[%clk 01:31:23]}
{[%emt 00:00:04]} 3. d4 {[%clk 01:31:44]} {[%emt 00:00:10]} exd4 {[%clk
01:31:05]} {[%emt 00:00:48]} 4. Nxd4 {[%clk 01:31:21]} {[%emt 00:00:52]} Nf6
{[%clk 01:30:49]} {[%emt 00:00:46]} 5. Nc3 {[%clk 01:31:12]} {[%emt 00:00:39]}
Bb4 {[%clk 01:30:57]} {[%emt 00:00:22]} 6. Nxc6 {[%clk 01:31:33]} {[%emt
00:00:09]} bxc6 {[%clk 01:31:16]} {[%emt 00:00:11]} 7. Bd3 {[%clk 01:31:54]}
{[%emt 00:00:09]} O-O {[%clk 01:30:51]} {[%emt 00:00:55]} 8. O-O {[%clk
01:32:17]} {[%emt 00:00:07]} h6 {[%clk 01:30:02]} {[%emt 00:01:19]} 9. a3
{[%clk 01:27:53]} {[%emt 00:04:53]} Ba5 {[%clk 01:28:51]} {[%emt 00:01:41]} 10.
b4 {[%clk 01:24:01]} {[%emt 00:04:22]} Bb6 {[%clk 01:29:04]} {[%emt 00:00:17]}
11. Na4 {[%clk 01:24:19]} {[%emt 00:00:12]} Re8 {[%clk 01:24:53]} {[%emt
00:04:40]} 12. Nxb6 {[%clk 01:20:16]} {[%emt 00:04:34]} axb6 {[%clk 01:22:56]}
{[%emt 00:02:28]} 13. Re1 {[%clk 01:18:22]} {[%emt 00:02:24]} d5 {[%clk
01:20:02]} {[%emt 00:03:24]} 14. exd5 {[%clk 01:17:41]} {[%emt 00:01:11]} cxd5
{[%clk 01:19:49]} {[%emt 00:00:43]} 15. Rxe8+ {[%clk 01:16:33]} {[%emt
00:01:37]} Qxe8 {[%clk 01:17:20]} {[%emt 00:03:00]} 16. Bb2 {[%clk 01:16:35]}
{[%emt 00:00:27]} Qc6 {[%clk 01:15:06]} {[%emt 00:02:44]} 17. Qf3 {[%clk
01:13:11]} {[%emt 00:03:54]} Bb7 {[%clk 01:09:54]} {[%emt 00:05:43]} 18. Re1
{[%clk 01:03:27]} {[%emt 00:10:13]} Re8 {[%clk 01:07:27]} {[%emt 00:02:57]} 19.
Rxe8+ {[%clk 01:02:19]} {[%emt 00:01:38]} Qxe8 {[%clk 01:07:55]} {[%emt
00:00:02]} 20. h3 {[%clk 00:59:51]} {[%emt 00:02:58]} Qc6 {[%clk 01:02:25]}
{[%emt 00:06:00]} 21. Qf5 {[%clk 00:55:10]} {[%emt 00:05:11]} Qe6 {[%clk
00:55:31]} {[%emt 00:07:24]} 22. Qxe6 {[%clk 00:52:54]} {[%emt 00:02:47]} fxe6
{[%clk 00:53:33]} {[%emt 00:02:28]} 23. a4 {[%clk 00:50:09]} {[%emt 00:03:14]}
Nd7 {[%clk 00:50:45]} {[%emt 00:03:18]} 24. Kf1 {[%clk 00:48:17]} {[%emt
00:02:22]} Kf7 {[%clk 00:46:48]} {[%emt 00:04:26]} 25. Ke2 {[%clk 00:47:15]}
{[%emt 00:01:34]} Bc6 {[%clk 00:45:51]} {[%emt 00:01:27]} 26. a5 {[%clk
00:46:44]} {[%emt 00:01:02]} bxa5 {[%clk 00:45:06]} {[%emt 00:01:14]} 27. bxa5
{[%clk 00:46:40]} {[%emt 00:00:34]} Nc5 {[%clk 00:45:23]} {[%emt 00:00:13]} 28.
Be5 {[%clk 00:45:55]} {[%emt 00:01:15]} Nxd3 {[%clk 00:44:40]} {[%emt
00:01:13]} 29. Kxd3 {[%clk 00:45:37]} {[%emt 00:00:48]} Bb5+ {[%clk 00:45:04]}
{[%emt 00:00:07]} 30. Kd4 {[%clk 00:46:01]} {[%emt 00:00:05]} g6 {[%clk
00:38:22]} {[%emt 00:07:12]} 31. Bxc7 {[%clk 00:45:53]} {[%emt 00:00:38]} Ke7
{[%clk 00:36:51]} {[%emt 00:02:02]} 32. Kc5 {[%clk 00:45:08]} {[%emt 00:01:14]}
Bf1 {[%clk 00:37:15]} {[%emt 00:00:06]} 33. g3 {[%clk 00:43:55]} {[%emt
00:01:44]} Kd7 {[%clk 00:36:49]} {[%emt 00:00:55]} 34. Kb6 {[%clk 00:43:42]}
{[%emt 00:00:43]} d4 {[%clk 00:36:38]} {[%emt 00:00:41]} 35. Be5 {[%clk
00:43:40]} {[%emt 00:00:32]} d3 {[%clk 00:36:57]} {[%emt 00:00:12]} 36. cxd3
{[%clk 00:43:57]} {[%emt 00:00:12]} Bxd3 {[%clk 00:37:22]} {[%emt 00:00:06]}
37. a6 {[%clk 00:40:39]} {[%emt 00:03:48]} Be4 {[%clk 00:35:25]} {[%emt
00:02:26]} 38. a7 {[%clk 00:40:28]} {[%emt 00:00:41]} h5 {[%clk 00:35:01]}
{[%emt 00:00:54]} 39. Kc5 {[%clk 00:40:24]} {[%emt 00:00:35]} Ba8 {[%clk
00:35:04]} {[%emt 00:00:26]} 40. h4 {[%clk 00:40:38]} {[%emt 00:00:16]} Bb7
{[%clk 00:35:26]} {[%emt 00:00:09]} 41. Kd4 {[%clk 00:40:42]} {[%emt 00:00:26]}
Kc6 {[%clk 00:35:26]} {[%emt 00:00:30]} 42. Ke3 {[%clk 00:40:23]} {[%emt
00:00:49]} Kd5 {[%clk 00:35:07]} {[%emt 00:00:50]} 43. Kf4 {[%clk 00:40:34]}
{[%emt 00:00:18]} Kc5 {[%clk 00:27:17]} {[%emt 00:08:20]} 44. Kg5 {[%clk
00:39:31]} {[%emt 00:01:33]} Be4 {[%clk 00:25:59]} {[%emt 00:01:48]} 45. Kf6
{[%clk 00:38:14]} {[%emt 00:01:47]} Kb6 {[%clk 00:25:24]} {[%emt 00:01:06]} 46.
Bb8 {[%clk 00:38:29]} {[%emt 00:00:15]} Kb7 {[%clk 00:25:44]} {[%emt 00:00:10]}
47. Kxe6 {[%clk 00:38:46]} {[%emt 00:00:13]} Ka8 {[%clk 00:25:54]} {[%emt
00:00:20]} 48. Ke5 {[%clk 00:39:00]} {[%emt 00:00:15]} Bf3 {[%clk 00:25:47]}
{[%emt 00:00:37]} 49. Kf4 {[%clk 00:39:09]} {[%emt 00:00:21]} Bd1 {[%clk
00:26:04]} {[%emt 00:00:13]} 50. Kg5 {[%clk 00:38:49]} {[%emt 00:00:51]} Bc2
{[%clk 00:25:57]} {[%emt 00:00:36]} 51. f4 {[%clk 00:39:06]} {[%emt 00:00:13]}
Bf5 {[%clk 00:26:22]} {[%emt 00:00:06]} 52. Kf6 {[%clk 00:39:22]} {[%emt
00:00:13]} Kb7 {[%clk 00:26:45]} {[%emt 00:00:06]} 53. Ke5 {[%clk 00:39:32]}
{[%emt 00:00:21]} Ka8 {[%clk 00:27:10]} {[%emt 00:00:05]} 1/2-1/2

[Event "DEM U12 2023"]
[Site "Willingen GER"]
[Date "2023.05.30"]
[Round "4"]
[White "Lehmann, Anton"]
[Black "Greive, Jakob"]
[Result "0-1"]
[Termination "normal"]
[Board "26"]
[WhiteElo "1285"]
[BlackElo "1551"]
[WhiteClock "01:08:14"]
[BlackClock "00:47:23"]
[PlyCount "88"]
[WhiteFideId "34660267"]
[BlackFideId "34603476"]
[EventCountry "GER"]
[EventRounds "9"]
[EventType "swiss"]
[EventDate "2023.05.27"]

1. e4 {[%clk 01:30:59]} {[%emt 12:54:27]} e5 {[%clk 01:30:54]} {[%emt
00:00:05]} 2. Nf3 {[%clk 01:31:27]} {[%emt 00:00:03]} Nc6 {[%clk 01:31:15]}
{[%emt 00:00:10]} 3. d4 {[%clk 01:31:53]} {[%emt 00:00:03]} exd4 {[%clk
01:31:34]} {[%emt 00:00:11]} 4. c3 {[%clk 01:32:19]} {[%emt 00:00:05]} d5
{[%clk 01:26:28]} {[%emt 00:05:35]} 5. exd5 {[%clk 01:32:41]} {[%emt 00:00:09]}
Qxd5 {[%clk 01:25:22]} {[%emt 00:01:35]} 6. cxd4 {[%clk 01:33:01]} {[%emt
00:00:10]} Bg4 {[%clk 01:21:20]} {[%emt 00:04:32]} 7. Be2 {[%clk 01:33:15]}
{[%emt 00:00:16]} O-O-O {[%clk 01:17:06]} {[%emt 00:04:44]} 8. Nc3 {[%clk
01:30:48]} {[%emt 00:02:58]} Qd7 {[%clk 01:11:02]} {[%emt 00:06:33]} 9. d5
{[%clk 01:26:28]} {[%emt 00:04:51]} Nce7 {[%clk 01:10:11]} {[%emt 00:01:21]}
10. Ne5 {[%clk 01:23:55]} {[%emt 00:03:03]} Bxe2 {[%clk 01:09:18]} {[%emt
00:01:22]} 11. Qxe2 {[%clk 01:24:06]} {[%emt 00:00:20]} Qf5 {[%clk 01:09:16]}
{[%emt 00:00:31]} 12. g4 {[%clk 01:22:10]} {[%emt 00:02:25]} Qf6 {[%clk
01:08:20]} {[%emt 00:01:26]} 13. Bg5 {[%clk 01:17:24]} {[%emt 00:05:17]} Qxg5
{[%clk 01:05:05]} {[%emt 00:03:44]} 14. Nxf7 {[%clk 01:17:41]} {[%emt
00:00:14]} Qf6 {[%clk 01:05:17]} {[%emt 00:00:17]} 15. Qe6+ {[%clk 01:14:22]}
{[%emt 00:03:50]} Rd7 {[%clk 01:04:18]} {[%emt 00:01:30]} 16. Nxh8 {[%clk
01:11:56]} {[%emt 00:02:55]} Nxd5 {[%clk 01:02:07]} {[%emt 00:02:40]} 17. Qxf6
{[%clk 01:11:14]} {[%emt 00:01:13]} Ngxf6 {[%clk 01:01:40]} {[%emt 00:00:57]}
18. Nxd5 {[%clk 01:10:18]} {[%emt 00:01:27]} Nxd5 {[%clk 01:01:55]} {[%emt
00:00:15]} 19. O-O-O {[%clk 01:10:18]} {[%emt 00:00:31]} c6 {[%clk 01:02:01]}
{[%emt 00:00:24]} 20. Rhe1 {[%clk 01:10:40]} {[%emt 00:00:07]} Kd8 {[%clk
01:01:54]} {[%emt 00:00:36]} 21. a3 {[%clk 01:10:33]} {[%emt 00:00:38]} g5
{[%clk 01:01:55]} {[%emt 00:00:27]} 22. Rd2 {[%clk 01:10:07]} {[%emt 00:00:58]}
Bg7 {[%clk 01:01:20]} {[%emt 00:01:04]} 23. Rde2 {[%clk 01:09:58]} {[%emt
00:00:40]} Nc7 {[%clk 01:01:15]} {[%emt 00:00:34]} 24. Rd2 {[%clk 01:07:02]}
{[%emt 00:03:27]} Bxh8 {[%clk 01:00:42]} {[%emt 00:01:02]} 25. b4 {[%clk
01:07:07]} {[%emt 00:00:26]} Bc3 {[%clk 00:58:28]} {[%emt 00:02:43]} 26. Rxd7+
{[%clk 01:06:49]} {[%emt 00:00:49]} Kxd7 {[%clk 00:58:40]} {[%emt 00:00:17]}
27. Rh1 {[%clk 01:06:35]} {[%emt 00:00:45]} h6 {[%clk 00:57:33]} {[%emt
00:01:37]} 28. h4 {[%clk 01:06:56]} {[%emt 00:00:09]} Bf6 {[%clk 00:57:44]}
{[%emt 00:00:19]} 29. h5 {[%clk 01:06:51]} {[%emt 00:00:36]} Nd5 {[%clk
00:56:33]} {[%emt 00:01:40]} 30. Kc2 {[%clk 01:07:11]} {[%emt 00:00:11]} Bd4
{[%clk 00:55:42]} {[%emt 00:01:20]} 31. f3 {[%clk 01:07:28]} {[%emt 00:00:14]}
Be5 {[%clk 00:55:55]} {[%emt 00:00:16]} 32. Kd3 {[%clk 01:07:46]} {[%emt
00:00:13]} Bb2 {[%clk 00:55:27]} {[%emt 00:00:58]} 33. a4 {[%clk 01:07:57]}
{[%emt 00:00:19]} Nxb4+ {[%clk 00:55:02]} {[%emt 00:00:54]} 34. Kc4 {[%clk
01:08:23]} {[%emt 00:00:05]} a5 {[%emt 00:02:12]} 35. Rd1+ {[%clk 01:08:44]}
Kc7 {[%clk 00:52:15]} {[%emt 00:01:43]} 36. Re1 {[%clk 01:08:14]} {[%emt
00:01:01]} Bf6 {[%clk 00:51:17]} {[%emt 00:01:27]} 37. Re6 {[%clk 01:07:37]}
{[%emt 00:01:08]} Nd5 {[%clk 00:51:32]} {[%emt 00:00:15]} 38. Kc5 {[%clk
01:07:30]} {[%emt 00:00:39]} b6+ {[%clk 00:51:04]} {[%emt 00:00:57]} 39. Kc4
{[%clk 01:07:53]} {[%emt 00:00:07]} Kd7 {[%clk 00:51:01]} {[%emt 00:00:33]} 40.
Re2 {[%clk 01:07:27]} {[%emt 00:00:56]} Be7 {[%clk 00:48:13]} {[%emt 00:03:17]}
41. Re1 {[%clk 01:07:34]} {[%emt 00:00:25]} Kd6 {[%clk 00:47:56]} {[%emt
00:00:46]} 42. Re2 {[%clk 01:07:53]} {[%emt 00:00:11]} b5+ {[%clk 00:47:05]}
{[%emt 00:01:21]} 43. axb5 {[%clk 01:08:00]} {[%emt 00:00:23]} cxb5+ {[%clk
00:47:24]} {[%emt 00:00:11]} 44. Kb3 {[%clk 01:08:14]} {[%emt 00:00:15]} a4+
{[%clk 00:47:23]} {[%emt 00:00:31]} 0-1

[Event "DEM U12 2023"]
[Site "Willingen GER"]
[Date "2023.05.30"]
[Round "4"]
[White "Rau, Eduard"]
[Black "Tomi, Emilian"]
[Result "1-0"]
[Termination "normal"]
[Board "27"]
[WhiteElo "1393"]
[BlackElo "1552"]
[WhiteClock "01:04:44"]
[BlackClock "00:52:57"]
[PlyCount "79"]
[WhiteFideId "16287231"]
[BlackFideId "34651829"]
[EventCountry "GER"]
[EventRounds "9"]
[EventType "swiss"]
[EventDate "2023.05.27"]

1. e4 {[%clk 01:30:56]} {[%emt 00:00:02]} c5 {[%clk 01:30:57]} {[%emt
00:00:05]} 2. Nf3 {[%clk 01:31:16]} {[%emt 00:00:08]} a6 {[%clk 01:31:22]}
{[%emt 00:00:05]} 3. c4 {[%clk 01:31:31]} {[%emt 00:00:15]} Nc6 {[%clk
01:31:40]} {[%emt 00:00:12]} 4. Nc3 {[%clk 01:31:56]} {[%emt 00:00:04]} e5
{[%clk 01:31:24]} {[%emt 00:00:46]} 5. Be2 {[%clk 01:31:47]} {[%emt 00:00:39]}
Nf6 {[%clk 01:31:37]} {[%emt 00:00:17]} 6. O-O {[%clk 01:32:09]} {[%emt
00:00:09]} d6 {[%clk 01:31:21]} {[%emt 00:00:46]} 7. d3 {[%clk 01:32:23]}
{[%emt 00:00:15]} Bg4 {[%clk 01:31:29]} {[%emt 00:00:20]} 8. Bg5 {[%clk
01:32:32]} {[%emt 00:00:23]} Bxf3 {[%clk 01:26:34]} {[%emt 00:05:25]} 9. Bxf3
{[%clk 01:31:46]} {[%emt 00:01:16]} g6 {[%clk 01:22:31]} {[%emt 00:04:33]} 10.
Nd5 {[%clk 01:30:53]} {[%emt 00:01:24]} Bg7 {[%clk 01:22:24]} {[%emt 00:00:37]}
11. Be2 {[%clk 01:27:49]} {[%emt 00:03:33]} h6 {[%clk 01:21:33]} {[%emt
00:01:20]} 12. Bd2 {[%clk 01:27:44]} {[%emt 00:00:36]} g5 {[%clk 01:20:26]}
{[%emt 00:01:37]} 13. a3 {[%clk 01:19:03]} {[%emt 00:09:11]} Nxd5 {[%clk
01:17:14]} {[%emt 00:03:41]} 14. cxd5 {[%clk 01:18:22]} {[%emt 00:01:11]} Nd4
{[%clk 01:17:36]} {[%emt 00:00:08]} 15. b4 {[%clk 01:18:19]} {[%emt 00:00:34]}
Nxe2+ {[%clk 01:14:27]} {[%emt 00:03:39]} 16. Qxe2 {[%clk 01:18:47]} {[%emt
00:00:02]} b6 {[%clk 01:14:49]} {[%emt 00:00:09]} 17. Rab1 {[%clk 01:18:36]}
{[%emt 00:00:41]} O-O {[%clk 01:14:52]} {[%emt 00:00:26]} 18. Rb3 {[%clk
01:16:59]} {[%emt 00:02:07]} Rb8 {[%clk 01:05:16]} {[%emt 00:10:06]} 19. Rfb1
{[%clk 01:16:44]} {[%emt 00:00:45]} Qc7 {[%clk 01:05:30]} {[%emt 00:00:17]} 20.
Qg4 {[%clk 01:16:04]} {[%emt 00:01:09]} Rfc8 {[%clk 01:01:30]} {[%emt
00:04:30]} 21. bxc5 {[%clk 01:14:39]} {[%emt 00:01:55]} bxc5 {[%clk 01:01:22]}
{[%emt 00:00:38]} 22. Ba5 {[%clk 01:14:38]} {[%emt 00:00:31]} Qa7 {[%clk
00:59:07]} {[%emt 00:02:43]} 23. Rb7 {[%clk 01:12:49]} {[%emt 00:02:21]} Qa8
{[%clk 00:59:03]} {[%emt 00:00:35]} 24. Qd7 {[%clk 01:12:53]} {[%emt 00:00:25]}
Rxb7 {[%clk 00:58:22]} {[%emt 00:01:11]} 25. Rxb7 {[%clk 01:13:22]} {[%emt
00:00:01]} Rf8 {[%clk 00:58:42]} {[%emt 00:00:09]} 26. Rb6 {[%clk 01:08:49]}
{[%emt 00:05:03]} Rd8 {[%clk 00:56:48]} {[%emt 00:02:24]} 27. Qb7 {[%clk
01:05:56]} {[%emt 00:03:23]} Qxb7 {[%clk 00:57:08]} {[%emt 00:00:10]} 28. Rxb7
{[%clk 01:06:25]} Rc8 {[%clk 00:56:41]} {[%emt 00:00:57]} 29. Bc7 {[%clk
01:06:44]} {[%emt 00:00:11]} Bf8 {[%clk 00:56:56]} {[%emt 00:00:16]} 30. Kf1
{[%clk 01:06:43]} {[%emt 00:00:31]} Re8 {[%clk 00:56:39]} {[%emt 00:00:47]} 31.
Bb6 {[%clk 01:05:50]} {[%emt 00:01:23]} f5 {[%clk 00:54:14]} {[%emt 00:02:55]}
32. Ra7 {[%clk 01:02:06]} {[%emt 00:04:14]} fxe4 {[%clk 00:52:41]} {[%emt
00:02:02]} 33. dxe4 {[%clk 01:02:30]} {[%emt 00:00:06]} Rc8 {[%clk 00:52:30]}
{[%emt 00:00:41]} 34. Ke2 {[%clk 01:02:54]} {[%emt 00:00:06]} c4 {[%clk
00:52:39]} {[%emt 00:00:22]} 35. Kd2 {[%clk 01:03:15]} {[%emt 00:00:09]} c3+
{[%clk 00:52:55]} {[%emt 00:00:14]} 36. Kc2 {[%clk 01:03:40]} {[%emt 00:00:05]}
Rc4 {[%clk 00:52:46]} {[%emt 00:00:39]} 37. f3 {[%clk 01:03:54]} {[%emt
00:00:16]} Ra4 {[%clk 00:53:06]} {[%emt 00:00:11]} 38. Kb3 {[%clk 01:04:02]}
{[%emt 00:00:21]} Rd4 {[%clk 00:52:34]} {[%emt 00:01:02]} 39. Bxd4 {[%clk
01:04:18]} {[%emt 00:00:14]} exd4 {[%clk 00:52:57]} {[%emt 00:00:07]} 40. Kc2
{[%clk 01:04:44]} {[%emt 00:00:04]} 1-0

[Event "DEM U12 2023"]
[Site "Willingen GER"]
[Date "2023.05.30"]
[Round "4"]
[White "Spielvogel, Oliver"]
[Black "Yan, Haichen"]
[Result "0-1"]
[Termination "normal"]
[Board "28"]
[WhiteElo "1304"]
[BlackElo "1251"]
[WhiteClock "01:25:02"]
[BlackClock "00:59:33"]
[PlyCount "112"]
[WhiteFideId "16296494"]
[BlackFideId "34607951"]
[EventCountry "GER"]
[EventRounds "9"]
[EventType "swiss"]
[EventDate "2023.05.27"]

1. e4 {[%clk 01:30:52]} {[%emt 00:00:07]} c5 {[%clk 01:30:55]} {[%emt
00:00:06]} 2. Nc3 {[%clk 01:31:12]} {[%emt 00:00:10]} e6 {[%clk 01:31:14]}
{[%emt 00:00:11]} 3. g3 {[%clk 01:31:37]} {[%emt 00:00:05]} Nc6 {[%clk
01:31:22]} {[%emt 00:00:23]} 4. Bg2 {[%clk 01:31:59]} {[%emt 00:00:08]} Nf6
{[%clk 01:31:38]} {[%emt 00:00:14]} 5. d3 {[%clk 01:32:20]} {[%emt 00:00:09]}
Be7 {[%clk 01:31:04]} {[%emt 00:01:03]} 6. Nge2 {[%clk 01:32:44]} {[%emt
00:00:07]} d5 {[%clk 01:30:31]} {[%emt 00:01:04]} 7. exd5 {[%clk 01:32:52]}
{[%emt 00:00:20]} exd5 {[%clk 01:30:52]} {[%emt 00:00:09]} 8. O-O {[%clk
01:33:08]} {[%emt 00:00:14]} O-O {[%clk 01:28:48]} {[%emt 00:02:35]} 9. h3
{[%clk 01:33:23]} {[%emt 00:00:13]} d4 {[%clk 01:20:34]} {[%emt 00:08:47]} 10.
Nb5 {[%clk 01:29:40]} {[%emt 00:04:13]} a6 {[%clk 01:16:00]} {[%emt 00:05:04]}
11. Na3 {[%clk 01:29:52]} {[%emt 00:00:16]} Qc7 {[%clk 01:05:53]} {[%emt
00:10:38]} 12. Bf4 {[%clk 01:29:24]} {[%emt 00:00:57]} Bd6 {[%clk 01:03:19]}
{[%emt 00:03:05]} 13. Bxd6 {[%clk 01:29:37]} {[%emt 00:00:17]} Qxd6 {[%clk
01:03:42]} {[%emt 00:00:08]} 14. Nc4 {[%clk 01:30:00]} {[%emt 00:00:06]} Qc7
{[%clk 01:03:03]} {[%emt 00:01:08]} 15. Kh2 {[%clk 01:29:57]} {[%emt 00:00:30]}
b5 {[%clk 01:00:34]} {[%emt 00:03:03]} 16. Nd2 {[%clk 01:29:53]} {[%emt
00:00:33]} Bb7 {[%clk 01:00:25]} {[%emt 00:00:39]} 17. Re1 {[%clk 01:25:25]}
{[%emt 00:04:55]} Ne5 {[%clk 00:59:31]} {[%emt 00:01:27]} 18. Nf4 {[%clk
01:25:32]} {[%emt 00:00:23]} Bxg2 {[%clk 00:58:14]} {[%emt 00:01:48]} 19. Nxg2
{[%clk 01:25:19]} {[%emt 00:00:42]} Rfe8 {[%clk 00:56:21]} {[%emt 00:02:24]}
20. Re2 {[%clk 01:23:05]} {[%emt 00:02:42]} Ng6 {[%clk 00:55:55]} {[%emt
00:00:57]} 21. Qf1 {[%clk 01:20:20]} {[%emt 00:03:11]} Rxe2 {[%clk 00:56:06]}
{[%emt 00:00:24]} 22. Qxe2 {[%clk 01:20:45]} {[%emt 00:00:05]} Re8 {[%clk
00:56:28]} {[%emt 00:00:08]} 23. Qf1 {[%clk 01:21:08]} {[%emt 00:00:06]} Ne5
{[%clk 00:53:46]} {[%emt 00:03:12]} 24. Re1 {[%clk 01:20:18]} {[%emt 00:01:20]}
Qa5 {[%clk 00:53:53]} {[%emt 00:00:23]} 25. Nb3 {[%clk 01:19:27]} {[%emt
00:01:21]} Nf3+ {[%clk 00:54:02]} {[%emt 00:00:21]} 26. Kh1 {[%clk 01:18:42]}
{[%emt 00:01:15]} Rxe1 {[%clk 00:54:13]} {[%emt 00:00:20]} 27. Nxe1 {[%clk
01:18:53]} {[%emt 00:00:19]} Qxe1 {[%clk 00:54:31]} {[%emt 00:00:11]} 28. Qxe1
{[%clk 01:19:03]} {[%emt 00:00:19]} Nxe1 {[%clk 00:54:57]} {[%emt 00:00:05]}
29. Nxc5 {[%clk 01:19:26]} {[%emt 00:00:07]} Nxc2 {[%clk 00:55:09]} {[%emt
00:00:17]} 30. Nxa6 {[%clk 01:19:49]} {[%emt 00:00:08]} Nd5 {[%clk 00:55:11]}
{[%emt 00:00:28]} 31. Kg1 {[%clk 01:19:32]} {[%emt 00:00:38]} Ne1 {[%clk
00:55:35]} {[%emt 00:00:15]} 32. Nc5 {[%clk 01:19:51]} {[%emt 00:00:11]} Nb4
{[%clk 00:55:33]} {[%emt 00:00:32]} 33. Kf1 {[%clk 01:19:40]} {[%emt 00:00:41]}
Nexd3 {[%clk 00:55:55]} {[%emt 00:00:08]} 34. Nxd3 {[%clk 01:19:59]} {[%emt
00:00:12]} Nxd3 {[%clk 00:56:20]} {[%emt 00:00:06]} 35. Ke2 {[%clk 01:19:57]}
{[%emt 00:00:31]} Nxb2 {[%clk 00:56:39]} {[%emt 00:00:12]} 36. Kd2 {[%clk
01:20:08]} {[%emt 00:00:17]} Na4 {[%clk 00:56:27]} {[%emt 00:00:43]} 37. Kd3
{[%clk 01:20:27]} {[%emt 00:00:12]} Nc3 {[%clk 00:56:45]} {[%emt 00:00:12]} 38.
a3 {[%clk 01:20:25]} {[%emt 00:00:32]} Nb1 {[%clk 00:57:10]} {[%emt 00:00:05]}
39. Kxd4 {[%clk 01:20:50]} {[%emt 00:00:05]} Nxa3 {[%clk 00:57:24]} {[%emt
00:00:16]} 40. Kc3 {[%clk 01:21:09]} {[%emt 00:00:10]} f5 {[%clk 00:57:47]}
{[%emt 00:00:08]} 41. Kb4 {[%clk 01:21:32]} {[%emt 00:00:06]} Nb1 {[%clk
00:57:56]} {[%emt 00:00:22]} 42. Kxb5 {[%clk 01:21:53]} {[%emt 00:00:09]} Nc3+
{[%clk 00:58:18]} {[%emt 00:00:08]} 43. Kc4 {[%clk 01:22:18]} {[%emt 00:00:05]}
Ne4 {[%clk 00:57:31]} {[%emt 00:01:17]} 44. Kd4 {[%clk 01:22:20]} {[%emt
00:00:28]} Nxf2 {[%clk 00:57:44]} {[%emt 00:00:16]} 45. h4 {[%emt 00:00:12]}
Nh1 {[%clk 00:57:56]} {[%emt 00:00:16]} 46. Ke3 {[%clk 01:23:03]} {[%emt
00:00:07]} Nxg3 {[%clk 00:58:03]} {[%emt 00:00:24]} 47. Kf4 {[%clk 01:23:24]}
{[%emt 00:00:08]} Nf1 {[%clk 00:58:09]} {[%emt 00:00:24]} 48. Kxf5 {[%clk
01:23:44]} {[%emt 00:00:10]} Kf7 {[%clk 00:58:31]} {[%emt 00:00:07]} 49. Kg5
{[%clk 01:23:50]} {[%emt 00:00:25]} h6+ {[%clk 00:58:20]} {[%emt 00:00:41]} 50.
Kf4 {[%clk 01:24:12]} {[%emt 00:00:05]} Kf6 {[%clk 00:58:20]} {[%emt 00:00:33]}
51. Kg4 {[%clk 01:24:28]} {[%emt 00:00:14]} g6 {[%clk 00:58:23]} {[%emt
00:00:27]} 52. Kf3 {[%clk 01:24:45]} {[%emt 00:00:12]} Kf5 {[%clk 00:58:43]}
{[%emt 00:00:11]} 53. h5 {[%clk 01:23:57]} {[%emt 00:01:18]} g5 {[%clk
00:58:37]} {[%emt 00:00:36]} 54. Kf2 {[%clk 01:24:21]} {[%emt 00:00:06]} Nd2
{[%clk 00:58:52]} {[%emt 00:00:15]} 55. Kg3 {[%clk 01:24:39]} {[%emt 00:00:12]}
Ne4+ {[%clk 00:59:12]} {[%emt 00:00:10]} 56. Kf3 {[%clk 01:25:02]} {[%emt
00:00:07]} Nf6 {[%clk 00:59:33]} {[%emt 00:00:09]} 0-1

[Event "DEM U12 2023"]
[Site "Willingen GER"]
[Date "2023.05.30"]
[Round "4"]
[White "Lupei, Denis"]
[Black "Völpel, Alexander"]
[Result "1-0"]
[Termination "normal"]
[Board "29"]
[WhiteElo "1374"]
[BlackElo "1373"]
[WhiteClock "01:21:23"]
[BlackClock "00:56:00"]
[PlyCount "38"]
[WhiteFideId "34611231"]
[BlackFideId "34603131"]
[EventCountry "GER"]
[EventRounds "9"]
[EventType "swiss"]
[EventDate "2023.05.27"]

1. e4 {[%clk 01:30:51]} {[%emt 00:00:07]} e5 {[%clk 01:30:57]} {[%emt
00:00:03]} 2. Nf3 {[%clk 01:31:07]} {[%emt 00:00:13]} Nc6 {[%clk 01:31:23]}
{[%emt 00:00:05]} 3. Bc4 {[%clk 01:31:05]} {[%emt 00:00:33]} Nf6 {[%clk
01:31:47]} {[%emt 00:00:06]} 4. d3 {[%clk 01:31:11]} {[%emt 00:00:23]} Bc5
{[%clk 01:32:09]} {[%emt 00:00:08]} 5. c3 {[%clk 01:31:00]} {[%emt 00:00:41]}
d6 {[%clk 01:32:23]} {[%emt 00:00:16]} 6. O-O {[%clk 01:30:45]} {[%emt
00:00:45]} h6 {[%clk 01:32:46]} {[%emt 00:00:07]} 7. Re1 {[%clk 01:30:44]}
{[%emt 00:00:30]} Bg4 {[%clk 01:26:26]} {[%emt 00:06:52]} 8. Nbd2 {[%clk
01:28:35]} {[%emt 00:02:38]} O-O {[%clk 01:26:21]} {[%emt 00:00:34]} 9. Nf1
{[%clk 01:28:13]} {[%emt 00:00:53]} Re8 {[%clk 01:21:53]} {[%emt 00:04:58]} 10.
Be3 {[%clk 01:27:28]} {[%emt 00:01:15]} Bb6 {[%clk 01:16:04]} {[%emt 00:06:20]}
11. h3 {[%clk 01:23:51]} {[%emt 00:04:06]} Bxf3 {[%clk 01:13:53]} {[%emt
00:02:40]} 12. Qxf3 {[%clk 01:24:01]} {[%emt 00:00:20]} Qd7 {[%clk 01:09:05]}
{[%emt 00:05:19]} 13. Bxh6 {[%clk 01:23:15]} {[%emt 00:01:15]} gxh6 {[%clk
00:56:30]} {[%emt 00:13:06]} 14. Qxf6 {[%clk 01:23:32]} {[%emt 00:00:12]} Ne7
{[%clk 00:56:22]} {[%emt 00:00:39]} 15. Bxf7+ {[%clk 01:23:49]} {[%emt
00:00:13]} Kh7 {[%clk 00:56:01]} {[%emt 00:00:52]} 16. Bxe8 {[%clk 01:23:07]}
{[%emt 00:01:13]} Rxe8 {[%clk 00:56:18]} {[%emt 00:00:13]} 17. Qf7+ {[%clk
01:22:23]} {[%emt 00:01:14]} Kh8 {[%clk 00:56:29]} {[%emt 00:00:19]} 18. Nh2
{[%clk 01:21:45]} {[%emt 00:01:07]} Rg8 {[%clk 00:56:29]} {[%emt 00:00:32]} 19.
Ng4 {[%clk 01:21:23]} {[%emt 00:00:52]} Rg7 {[%clk 00:56:00]} {[%emt 00:00:59]}
1-0